Apocalyptic commentary: (Record no. 6208)

000 -LEADER
fixed length control field 00604nam a2200181 a 4500
001 - CONTROL NUMBER
control field :::00003951$&:&@@
003 - CONTROL NUMBER IDENTIFIER
control field OkBaRHE
005 - DATE AND TIME OF LATEST TRANSACTION
control field 20000607103315.0
008 - FIXED-LENGTH DATA ELEMENTS--GENERAL INFORMATION
fixed length control field s1959 j 000 0 eng u
040 ## - CATALOGING SOURCE
Transcribing agency
100 1# - MAIN ENTRY--PERSONAL NAME
Personal name Cox, Clyde C.
245 10 - TITLE STATEMENT
Title Apocalyptic commentary:
Remainder of title an exposition on the book of Revelation.
260 ## - PUBLICATION, DISTRIBUTION, ETC. (IMPRINT)
Place of publication, distribution, etc Cleveland, TN., :
Name of publisher, distributor, etc Pathway Press
Date of publication, distribution, etc c1959
300 ## - PHYSICAL DESCRIPTION
Extent 351 p. : maps ;
Dimensions 22 cm.
650 ## - SUBJECT ADDED ENTRY--TOPICAL TERM
Topical term or geographic name as entry element Bible New Testament Revelation
General subdivision Commentaries
942 ## - ADDED ENTRY ELEMENTS (KOHA)
Source of classification or shelving scheme
Koha item type Books
Copies
Koha item type Shelving location Barcode Full call number Date acquired Damaged status Price effective from Withdrawn status Copy number Date last seen Not for loan Source of classification or shelving scheme Lost status Permanent Location
BooksGeneral Stacks3951BS 2825.3 .C672010-04-14 2010-04-14 12018-04-03   RHEMA Bible Training College